| 000 | 00355nam a2200145Ia 4500 | ||
|---|---|---|---|
| 008 | 221007s9999 xx 000 0 und d | ||
| 041 | _aeng | ||
| 082 | _bSHI | ||
| 100 |
_aShinde Shweta (2k81155) _9102075 |
||
| 245 | _aInternal Recruitment System | ||
| 260 |
_c2010 _bPune University _aPune |
||
| 300 | _a107p | ||
| 520 | _aLone Huma | ||
| 906 | _bGeneral | ||
| 999 |
_c69233 _d69233 |
||